La réeducation des dyslexiques
Guardado en:
| Autor principal: | |
|---|---|
| Formato: | Libro |
| Lenguaje: | francés |
| Publicado: |
París
Presses Universitaires de France
1970
|
| Edición: | 4a. ed |
| Colección: | Nouvelle Encyclopédie Pédagogique, 34
|
| Materias: | |
| Etiquetas: |
Agregar Etiqueta
Sin Etiquetas, Sea el primero en etiquetar este registro!
|
MARC
| LEADER | 00000nam a2200000 a 4500 | ||
|---|---|---|---|
| 001 | UCU1514 | ||
| 003 | CL-VaPUC | ||
| 008 | 960404e19700000FR |||||||||||||||||fre|d | ||
| 082 | 0 | 4 | |a 371.914 |b KOC |2 21 |
| 100 | |a Kocher, Francis |e author |9 357153 | ||
| 245 | 1 | 3 | |a La réeducation des dyslexiques |
| 250 | |a 4a. ed | ||
| 300 | |a 190 p | ||
| 942 | |c BK | ||
| 945 | |d 19960404 00:00:00 |a lriquelm | ||
| 260 | |a París |b Presses Universitaires de France |c 1970 | ||
| 650 | 0 | |a Educación especial |9 307486 | |
| 650 | 0 | |a Dislexia |9 307487 | |
| 650 | 7 | |a PROBLEMAS DE LECTURA |2 CL-VaPUC |9 341778 | |
| 650 | 7 | |a ENFERMEDADES DEL SISTEMA SENSORIAL |2 CL-VaPUC |9 334739 | |
| 650 | 7 | |a ENSEÑANZA CORRECTIVA |2 CL-VaPUC |9 310280 | |
| 650 | 0 | |a Métodos de enseñanza |9 270413 | |
| 650 | 0 | |a Niños |9 255605 | |
| 583 | |a last modification |c 19960404 00:00:00 |k Rodrigo Vera | ||
| 490 | 0 | |a Nouvelle Encyclopédie Pédagogique, 34 | |
| 999 | |c 246099 |d 246097 | ||
| 952 | |0 0 |1 0 |4 0 |6 371_914000000000000_KOC_1970 |7 0 |8 P |9 260842 |a BIBEDU |b BIBEDU |c BIBEDU_PB |d 2019-11-19 |i 2807033 |o 371.914 KOC 1970 |p 2807033 |r 2024-01-25 |w 2019-11-19 |y BK |k EDU | ||